Loading...
| Fine Arts - Classical Music | 5 | 10.00 | 60% | 40% | 0% |
| Fine Arts - Other Fine Arts | 2 | 10.00 | 100% | 0% | 0% |
| Fine Arts - Visual Fine Arts | 4 | 15.00 | 100% | 50% | 0% |
| Geography/Current Events | 3 | 10.00 | 100% | 0% | 0% |
| History - American History | 6 | 11.67 | 100% | 17% | 0% |
| History - European History | 7 | 10.00 | 86% | 14% | 0% |
| History - Other History | 3 | 20.00 | 100% | 67% | 33% |
| History - World History | 7 | 12.86 | 86% | 29% | 14% |
| Literature - American Literature | 5 | 14.00 | 100% | 40% | 0% |
| Literature - British Literature | 6 | 13.33 | 83% | 50% | 0% |
| Literature - European Literature | 2 | 15.00 | 100% | 50% | 0% |
| Literature - World/Other Literature | 3 | 20.00 | 100% | 100% | 0% |
| Mythology | 4 | 17.50 | 100% | 25% | 50% |
| Other Academic | 1 | 30.00 | 100% | 100% | 100% |
| Philosophy | 2 | 25.00 | 100% | 100% | 50% |
| Pop Culture | 2 | 20.00 | 100% | 50% | 50% |
| Religion | 6 | 10.00 | 83% | 17% | 0% |
| Science - Biology | 5 | 12.00 | 60% | 60% | 0% |
| Science - Chemistry | 4 | 17.50 | 100% | 50% | 25% |
| Science - Other Science | 5 | 24.00 | 100% | 80% | 60% |
| Science - Physics | 2 | 30.00 | 100% | 100% | 100% |
| Social Science | 5 | 18.00 | 100% | 40% | 40% |
| World/Other Literature> | 1 | 10.00 | 100% | 0% | 0% |